00625nam a2200205Ia 450000500170000000800410001702000190005808200210007710000190009824500790011726000370019630000120023365000100024565000120025565000210026765000130028894200060030195200970030799900150040420250206055909.0240331s9999 xx 000 0 und d a97895583091806 bSEN26609a305.4 aSeneviratne, M 0aSome Women of the Mahawamsa and Chulawamsa:bFrom Sri Lanka's Storied Past aColombobWimal Enterprisesc2007 a137 p., aWomen aHistory aHistorical Women aBuddhism cL 001040708LaWERCLbWERCLcSSCd2024-03-31l0o 305.4 SENp6609r2024-03-31w2024-03-31yL c5432d5432